00311nam a2200109Ia 4500008004000000020001800040082001300058100003600071245004500107260004100152300000800193210210b2004 xxu||||| |||| 00| 0 eng d a0 19 560655 8 a828 KAUE aKAUSHIK (R K) and BHATIA (S C). aEssays, short stories and one act plays. aNDbOxford University Press.,c2004 a344